Introduction to spectroscopy
保存先:
| 第一著者: | |
|---|---|
| フォーマット: | 図書 |
| 言語: | Undetermined |
| 主題: | |
| タグ: |
タグ追加
タグなし, このレコードへの初めてのタグを付けませんか!
|
| Thư viện lưu trữ: | Trung tâm Học liệu Trường Đại học Cần Thơ |
|---|
| LEADER | 00381nam a2200145Ia 4500 | ||
|---|---|---|---|
| 001 | CTU_67154 | ||
| 008 | 210402s9999 xx 000 0 und d | ||
| 082 | |a 543.0877 | ||
| 082 | |b P338 | ||
| 100 | |a Pavia | ||
| 245 | 0 | |a Introduction to spectroscopy | |
| 245 | 0 | |c Pavia and Lampman | |
| 650 | |a spectroscopy | ||
| 904 | |i Minh | ||
| 980 | |a Trung tâm Học liệu Trường Đại học Cần Thơ | ||